Quizzes
Events
Quiz Creation
Community
Videos
Private Events
Remove Ads
Sign In
Join for FREE
Feedback
Dark Mode
Quiz Categories
Sports
Geography
Music
Movies
Television
Just For Fun
Miscellaneous
History
Literature
Language
Science
Gaming
Entertainment
Religion
Holiday
For Kids
Quiz Lab
Recent
Popular Today
Quiz Kudos Today
Editor Picks
Curator Picks
Quizzes by...
Day
Popularity
Type
Ratings
Length
Year
Community
Subscriptions
Recent Discussions
Orange Saloon
Badges
Playlists
Quests
Create
Leaderboards
Showdown
Live 5
Trivia Bingo
Activity
Puzzle Library
Sporcle Events
Private Events
Virtual Trivia
Globe League
Become a Host
Pub Owners
SporcleCon
Opinionation
Our Games
Videos
Blog
Mobile Apps
Partnerships
Remove Ads and Go Orange
Feedback
Language
Vocabulary
Begins and Ends
Definition
Spanish
French
German
Italian
Chinese
Latin
Translation
Japanese
Language
Vocabulary
Begins and Ends
Definition
Spanish
French
German
Italian
Chinese
Latin
Translation
Japanese
Random Quiz
Search Sporcle
×
Quiz Lab
Quiz Lab
Language
State
Type in answers that appear in a list
Type in answers that appear in a list
Classic
Best Score? Go Orange.
US States in Code Stats
Can you name the US States from their names in a random code?
By
Pi_is_exactly_3
10m
50 Questions
43 Plays
43 Plays
43 Plays
Comments
Comments
Give Quiz Kudos
Give Quiz Kudos
-
- Ratings
hide this ad
More Info
Forced Order
Answers have to be entered in order
Answers have to be entered in order
Random Order
Randomize order of answers
Randomize order of answers
Replay
Link that replays current quiz
Next Quiz
Link to next quiz in quiz playlist
You Got
0%
They Got
Avg Score
67%
Avg Friend Score
Upgrade to see
Score Distribution
Jump to the score distribution portion of the page
Score
0/50
Timer
10:00
0
Plays Today
Code
State
% Correct
Qtv Ytixon
New Mexico
90.7%
Xnvk
Iowa
88.4%
Nbxn
Ohio
88.4%
Qtv Utlwts
New Jersey
88.4%
Qtv Snlp
New York
88.4%
Qtv Bkyhwxlt
New Hampshire
88.4%
Qnlcb Zkpnck
North Dakota
86%
Wnrcb Zkpnck
South Dakota
86%
Qnlcb Oklnmxqk
North Carolina
86%
Wnrcb Oklnmxqk
South Carolina
86%
Kmkwpk
Alaska
79.1%
Yxwwxwwxhhx
Mississippi
79.1%
Rckb
Utah
76.7%
Ykxqt
Maine
76.7%
Nltenq
Oregon
74.4%
Ykwwkobrwtccw
Massachusetts
74.4%
Ctikw
Texas
72.1%
Vtwc Gxlexqxk
West Virginia
72.1%
Klpkqwkw
Arkansas
69.8%
Xmmxqnxw
Illinois
69.8%
Yxwwnrlx
Missouri
67.4%
Xqzxkqk
Indiana
67.4%
Kmkfkyk
Alabama
67.4%
Bkvkxx
Hawaii
65.1%
Pkqwkw
Kansas
65.1%
Code
State
% Correct
Yxqqtwnck
Minnesota
65.1%
Yxobxekq
Michigan
65.1%
Lbnzt Xwmkqz
Rhode Island
65.1%
Xzkbn
Idaho
62.8%
Klxjnqk
Arizona
62.8%
Onmnlkzk
Colorado
62.8%
Gxlexqxk
Virginia
62.8%
Onqqtocxorc
Connecticut
62.8%
Npmkbnyk
Oklahoma
60.5%
Okmxanlqxk
California
60.5%
Ynqckqk
Montana
58.1%
Ctqqtwwtt
Tennessee
58.1%
Qtgkzk
Nevada
55.8%
Qtflkwpk
Nebraska
55.8%
Ptqcrops
Kentucky
53.5%
Gtlynqc
Vermont
53.5%
Vsnyxqe
Wyoming
51.2%
Etnlexk
Georgia
51.2%
Yklsmkqz
Maryland
51.2%
Amnlxzk
Florida
48.8%
Ztmkvklt
Delaware
48.8%
Vkwbxqecnq
Washington
46.5%
Mnrxwxkqk
Louisiana
46.5%
Htqqwsmgkqxk
Pennsylvania
46.5%
Vxwonqwxq
Wisconsin
44.2%
Quiz Playlist
Details
Report
Send in Message
Add To Playlist
More Info:
The code was generated by randomly matching each letter of the alphabet to a different letter.
Classic:
Type in answers that appear in a list
Forced Order:
Answers have to be entered in order
Random Order:
Randomize order of answers
Last Updated: Feb 16, 2017
Quiz Scoreboard
CHALLENGE
Sign Up to Join the Scoreboard
Show All
Scores
Hide
Comments
May contain spoilers
Recently Published
An Introduction to Baseball
by treessimontrees
Sports
5m
Movies - When Are They Set?
by FPL_Elf
Movies
5m
Popular People in 1961
by mucciniale
History
6m
More to Explore
Quiz From the Vault
Featured Blog Post
Where Did the Easter Bunny Come From?
hide this ad
You Might Also Like...
Tags
State Quiz
United States Quiz
code
Coded
Today's Top Quizzes in Language
Browse Language
hide this ad
Today's Top Quizzes in State
Browse State
Top Contributed Quizzes in Language
1
1-10 Letter F Words III
2
Order Up: Top 10 Most Native Spoken Languages
3
1-10 Letter G Words III
4
1-10 Letter H Words III
5
One Thing in Common: Italy
6
1-10 Letter I Words III
7
Weisst du, aus welchen Sprachen diese Wörter stammen?
8
1-10 Letter J Words III
9
Begins and Ends With AN
10
Hiragana Speed Reading
Explore More
Trending Topics
Anime
Harry Potter
Disney
Kpop
NBA
Crossword
Marvel
Soccer
The Office
Puzzle
WWE
Pokémon
NFL
Country
Song
hide this ad
More By:
Pi_is_exactly_3
Quiz
Plays
Rating
Category
Featured
Created
Countries by John Oliver Description
1,961
5.00
Television
Oct 14, 2015
Countries by highest point (Complete)
955
4.50
Geography
Dec 5, 2015
English, Scottish and British Monarchs
677
5.00
History
May 30, 2016
Countries of Europe by highest temperature
210
4.50
Geography
Jan 22, 2017
States by lowest temperature
193
4.00
Geography
Jun 4, 2016
Go to Creator's Profile
Score Distribution
Quiz Creator Spotlight
Pi_is_exactly_3
Follow
Send a Message
Quizzes Created
-
Created Quiz Play Count
-
More By This Creator
Popular Quizzes Today
1
Find the Countries of Europe - No Outlines Minefield
2
Find the US States - No Outlines Minefield
3
The Countries of the World
4
Popular People in 1961
5
US States
6
1-10 Letter E Words III
7
Find the US States
8
One Thing in Common: World Cities II
More Language Quizzes
Making Friends Around the World
Published
Trending Quizzes
Risky Map Clicking: Least Populous States A-Z
1-10 Letter F Words
1-10 Letter G Words
One Thing in Common: United Kingdom
Risky Map Clicking: Next State Alphabetically
Recently Updated
Leaping Animals
pecheneg
Reality TV Shows (A-Z)
bhenderson79
Rickey Henderson's Hall of Fame Teammates
pecheneg
Champions League XIs: Arsenal
pecheneg
Quick Pick: Celebrities in WWE's Hall of Fame
aduchscher
A-Z Keypad Blitz II
pecheneg
Multiple Oscar Actors
pecheneg
Mystery Phrase Blitz: Oscar 'Best Actors'
pecheneg
F. Scott Fitzgerald Novels
LTH
Pick 3 Villains
ddd62291
Trending Topics
Marvel
NBA
Anime
Disney
Harry Potter
Kpop
Crossword
Country
The Office
Soccer
Song
NFL
WWE
Puzzle
Pokémon
Your Account Isn't Verified!
In order to create a playlist on Sporcle, you need to verify the email address you used during registration. Go to your
Sporcle Settings
to finish the process.
Report this User
Report this user for behavior that violates our
Community Guidelines
.
Details:
Send Report
Go to the Sporcle.com Mobile Site →
Comments